000
00228nam a2200097Ia 4500
008
190216s9999||||xx |||||||||||||| ||und||
100
_a
Sundara Rajan M
245
0
_a
Spacile Albudangal
260
_b
Kerala Basha Inst
942
_c
BK
999
_c
37677
_d
37677